Riconosci il Pokémon - Quiz n°407 - Statistics

Statistiche generali
  • Questo quiz è stato fatto 1 volte
  • Il punteggio medio è 9 su 10
Statistiche sulle risposte
Indizio Risposta % Corretto
Altezza 0,6 m
100%
Tasso di cattura 190 (35.2%)
100%
Peso 31 kg
100%
Sesso 50% ♂, 50% ♀
100%
Stadio evoluzione Forma Base
100%
Tasso di allevamento Medio-Veloce
100%
Generazione Quinta
100%
Abilità Tanfo; Antifurto; Scoppio
100%
Tipo Veleno
100%
Pokémon Trubbish
0%
Nessun quiz corrispondente trovato
Distribuzione punteggi
Percentuale di utenti per punteggio
Percentile per numero di risposta
I tuoi punteggi nel tempo
Non hai fatto questo quiz